000 004550000a22001930004500
001 541
003 CO-MdFUSB
005 20170605174359.0
008 170605b xxu||||| |||| 00| 0 eng d
020 _a84-95040-76-X
040 _cCO-MdBIC
082 0 4 _a863C C836p
100 1 _aCousins, Lucy
245 1 0 _aLa piscina de Maisy / Lucy Cousins
260 _aBarcelona : SerreS
300 _a[ 22 p. ]
650 1 4 _aLiteratura Infantil
942 _cLGB
999 _c47752
_d47752